000 00494nam a22001937a 4500
003 MPLRDC
005 20220104123706.0
008 210129b ||||| |||| 00| 0 eng d
020 _a962-388-056-1
082 _a415.14 WFL v.6
100 _a王方凌编著
245 _a肾脏病治疗与护理
_c
250 _a初版
260 _a
_b星辉图书有限公司
_c1991
300 _b
490 _a星辉医疗保健系列
650 _a症状--肾脏病
942 _cBK
_o415.14 WFL v.6
999 _c13426
_d13416